Italian Present Tense Verbs - Statistics

General Stats
  • This quiz has been taken 46 times
    45 since last reset
  • The average score is 95 of 156
Answer Stats
Infinitive Answer % Correct
Lasciare (Tu) Lasci
93%
Mangiare (lui/lei/Lei) Mangia
93%
Parlare (Tu) Parli
93%
Ballare (Tu) Balli
89%
Cantare (lui/lei/Lei) Canta
89%
Cantare (Tu) Canti
89%
Correre (Voi) Correte
89%
Dormire (Tu) Dormi
89%
Girare (lui/lei/Lei) Gira
89%
Guidare (Tu) Guidi
89%
Lasciare (Voi) Lasciate
89%
Mangiare (Loro) Mangiano
89%
Pranzare (Tu) Pranzi
89%
Avere (Noi) Abbiamo
85%
Arrivare (Io) Arrivo
85%
Saltare (Tu) Salti
85%
Essere (Io) Sono
85%
Abitare (lui/lei/Lei) Abita
81%
Arrivare (Loro) Arrivano
81%
Cantare (Io) Canto
81%
Correre (Tu) Corri
81%
Dormire (Io) Dormo
81%
Essere (lui/lei/Lei) é
81%
Guidare (Noi) Guidiamo
81%
Lavare (Noi) Laviamo
81%
Mangiare (Noi) Mangiamo
81%
Parlare (Noi) Parliamo
81%
Saltare (Io) Salto
81%
Stare (lui/lei/Lei) Sta
81%
Trovare (Noi) Troviamo
81%
Ballare (Voi) Ballate
78%
Girare (Tu) Giri
78%
Lavare (lui/lei/Lei) Lava
78%
Mangiare (Tu) Mangi
78%
Parlare (Loro) Parlano
78%
Saltare (Voi) Saltate
78%
Essere (Voi) Siete
78%
Essere (Loro) Sono
78%
Stare (Io) Sto
78%
Arrivare (Noi) Arriviamo
74%
Ballare (lui/lei/Lei) Balla
74%
Dire (Tu) Dici
74%
Dormire (Noi) Dormiamo
74%
Girare (Io) Giro
74%
Guidare (lui/lei/Lei) Guida
74%
Guidare (Voi) Guidate
74%
Lavare (Loro) Lavano
74%
Essere (Tu) Sei
74%
Bere (Loro) Bevono
70%
Camminare (Voi) Camminate
70%
Dire (Io) Dico
70%
Dormire (Voi) Dormite
70%
Fare (Io) Faccio
70%
Fare (Loro) Fanno
70%
Avere (lui/lei/Lei) Ha
70%
Essere (Noi) Siamo
70%
Dire (Noi) Diciamo
63%
Dire (Voi) Dite
63%
Uscire (Tu) Esci
63%
Giocare (Noi) Giochiamo
63%
Mandare (Io) Mando
63%
Mangiare (Voi) Mangiate
63%
Pranzare (Loro) Pranzano
63%
Abitare (Tu) Abiti
59%
Ballare (Loro) Ballano
59%
Camminare (lui/lei/Lei) Cammina
59%
Camminare (Io) Cammino
59%
Guidare (Io) Guido
59%
Lavare (Voi) Lavate
59%
Mangiare (Io) Mangio
59%
Parlare (Io) Parlo
59%
Pranzare (Io) Pranzo
59%
Saltare (lui/lei/Lei) Salta
59%
Stare (Tu) Stai
59%
Trovare (Loro) Trovano
59%
Trovare (Tu) Trovi
59%
Andare (Voi) Andate
56%
Andare (Noi) Andiamo
56%
Arrivare (lui/lei/Lei) Arriva
56%
Arrivare (Voi) Arrivate
56%
Arrivare (Tu) Arrivi
56%
Ballare (Io) Ballo
56%
Camminare (Loro) Camminano
56%
Correre (Io) Corro
56%
Dormire (lui, lei, Lei) Dorme
56%
Fare (lui/lei/Lei) Fa
56%
Fare (Tu) Fai
56%
Girare (Loro) Girano
56%
Lavare (Io) Lavo
56%
Mandare (Loro) Mandano
56%
Mandare (Voi) Mandate
56%
Mandare (Noi) Mandiamo
56%
Parlare (Voi) Parlate
56%
Pranzare (lui/lei/Lei) Pranza
56%
Saltare (Loro) Saltano
56%
Trovare (lui/lei/Lei) Trova
56%
Trovare (Voi) Trovate
56%
Uscire (Noi) Usciamo
56%
Abitare (Io) Abito
52%
Camminare (Tu) Cammini
52%
Cantare (Loro) Cantano
52%
Correre (lui/lei/Lei) Corre
52%
Correre (Noi) Corriamo
52%
Giocare (Voi) Giocate
52%
Giocare (Io) Gioco
52%
Girare (Voi) Girate
52%
Girare (Noi) Giriamo
52%
Avere (Tu) Hai
52%
Avere (Io) Ho
52%
Lasciare (lui/lei/Lei) Lascia
52%
Mandare (lui/lei/Lei) Manda
52%
Mandare (Tu) Mandi
52%
Parlare (lui/lei/Lei) Parla
52%
Pranzare (Voi) Pranzate
52%
Saltare (Noi) Saltiamo
52%
Stare (Loro) Stanno
52%
Stare (Voi) State
52%
Trovare (Io) Trovo
52%
Uscire (Voi) Uscite
52%
Ballare (Noi) Balliamo
48%
Dormire (Loro) Dormono
48%
Giocare (lui/lei/Lei) Gioca
48%
Lasciare (Noi) Lasciamo
48%
Lasciare (Io) Lascio
48%
Abitare (Voi) Abitate
44%
Abitare (Noi) Abitiamo
44%
Avere (Voi) Avete
44%
Bere (lui/lei/Lei) Beve
44%
Bere (Tu) Bevi
44%
Bere (Io) Bevo
44%
Cantare (Noi) Cantiamo
44%
Fare (Voi) Fate
44%
Lasciare (Loro) Lasciano
44%
Lavare (Tu) Lavi
44%
Andare (lui/lei/Lei) Va
44%
Abitare (Loro) Abitano
41%
Bere (Voi) Bevete
41%
Bere (Noi) Beviamo
41%
Camminare (Noi) Camminiamo
41%
Cantare (Voi) Cantate
41%
Fare (Noi) Facciamo
41%
Giocare (Tu) Giochi
41%
Avere (Loro) Hanno
41%
Stare (Noi) Stiamo
41%
Correre (Loro) Corrono
37%
Uscire (Io) Esco
37%
Giocare (Loro) Giocono
37%
Pranzare (Noi) Pranziamo
37%
Andare (Io) Vado
37%
Andare (Tu) Vai
37%
Andare (Loro) Vanno
37%
Dire (lui/lei/Lei) Dice
33%
Uscire (Loro) Escono
33%
Guidare (Loro) Guidono
30%
Dire (Loro) Dicono
26%
Uscire (lui/lei/Lei) Esce
26%
No matching quizzes found
Score Distribution
Percent of People with Each Score
Percentile by Number Answered
Your Score History
You have not taken this quiz since the last reset